000 00666nam a22002057a 4500
005 20230309033026.0
008 230309b |||||||| |||| 00| 0 eng d
020 _a0-345-33317-9
082 _aFic.B347 1979
100 _aBaum, L. Frank,
_eauthor.
245 _aRinkitink in oz /
_cL. Frank Baum, illustrated by John R. Neill.
260 _aNew York :
_bDel Rex Books,
_cc1979.
300 _a[282]p. :
_bill.
490 _aThe wizard of Oz collection
541 _e5335
600 _aGale, Dorothy (Fictions character)
_vJuvenile fiction
650 _aOz (imaginary place)
_vJuvenile fiction
650 _aFantasy fiction
700 _aNeill, John R.,
_eillustrator.
999 _c1650
_d1650